|
|
|
|
| LEADER |
01296nam a2200349 a 4500 |
| 001 |
EBC517156 |
| 003 |
MiAaPQ |
| 005 |
20200520144314.0 |
| 006 |
m o d | |
| 007 |
cr cn||||||||| |
| 008 |
100603s2010 enk sb 001 0 eng d |
| 020 |
|
|
|z 9781847422132 (hardcover)
|
| 020 |
|
|
|a 9781847422149 (electronic bk.)
|
| 035 |
|
|
|a (MiAaPQ)EBC517156
|
| 035 |
|
|
|a (Au-PeEL)EBL517156
|
| 035 |
|
|
|a (CaPaEBR)ebr10381318
|
| 035 |
|
|
|a (CaONFJC)MIL256203
|
| 035 |
|
|
|a (OCoLC)624618472
|
| 040 |
|
|
|a MiAaPQ
|c MiAaPQ
|d MiAaPQ
|
| 043 |
|
|
|a n-us---
|
| 050 |
|
4 |
|a HD7293
|b .K56 2010
|
| 100 |
1 |
|
|a King, Peter,
|d 1960-
|
| 245 |
1 |
0 |
|a Housing policy transformed
|h [electronic resource] :
|b the right to buy and the desire to own /
|c Peter King.
|
| 260 |
|
|
|a Bristol :
|b Policy Press,
|c 2010.
|
| 300 |
|
|
|a xii, 122 p.
|
| 504 |
|
|
|a Includes bibliographical references (p. 117-120) and index.
|
| 533 |
|
|
|a Electronic reproduction. Ann Arbor, MI : ProQuest, 2015. Available via World Wide Web. Access may be limited to ProQuest affiliated libraries.
|
| 650 |
|
0 |
|a Housing policy
|z United States.
|
| 650 |
|
0 |
|a Housing
|z United States.
|
| 655 |
|
4 |
|a Electronic books.
|
| 710 |
2 |
|
|a ProQuest (Firm)
|
| 856 |
4 |
0 |
|u https://ebookcentral.proquest.com/lib/matrademy/detail.action?docID=517156
|z Click to View
|